Moving on

Bibliographic Details
Other Authors: Harrison, Emma
Format: Book
Published: New York : Simon Spotlight , 2004
Series:Everwood ; 2
Subjects:

MARC

LEADER 00000cam a2200000 7i4500
001 0000010665
005 20160330.0
008 071029
020 |a 0689870833 
090 0 0 |a MOV   |b ENG 
245 1 0 |a Moving on   |c Adapted by Emma Harrison 
260 |a New York :   |b Simon Spotlight ,   |c 2004 
440 |a Everwood ; 2 
500 |a Teenager ages 13-18 years old (blue) 
650 0 |a Colorado   |x fiction 
650 0 |a Domestic fiction 
650 0 |a Family   |x fiction 
650 0 |a Friendship   |x fiction 
700 1 |a Harrison, Emma 
999 |a 0000997662   |b Book   |c Teenagers   |e Perbadanan Perpustakaan Awam Johor 
999 |a 0001057662   |b Book   |c Teenagers   |e Cawangan AEON Kulaijaya